Tratado de Obstetricia / (Record no. 83978)

MARC details
000 -LEADER
campo de control de longitud fija 00682nam a2200193 i 4500
001 - NÚMERO DE CONTROL
campo de control 83978
003 - IDENTIFICADOR DE NÚMERO DE CONTROL
campo de control ES-MaACL
005 - FECHA Y HORA DE LA ÚLTIMA TRANSACCIÓN
campo de control 20230906174926.0
007 - CAMPO FIJO DE DESCRIPCIÓN FÍSICA--INFORMACIÓN GENERAL
campo de control de longitud fija t|
008 - DATOS DE LONGITUD FIJA--INFORMACIÓN GENERAL
campo de control de longitud fija 041119s1954 sp ||||1| spa d
100 1# - ENTRADA PRINCIPAL--NOMBRE DE PERSONA
Nombre de persona Jaschke, Rudolph Th. von.
9 (RLIN) 66148
245 10 - MENCIÓN DEL TÍTULO
Título Tratado de Obstetricia /
Mención de responsabilidad, etc. por Rudolph Th. von Jaschke ; traducción de la cuarta edición alemana por Emilio Ardevol ; completada por José Mª Plá Janini.
250 ## - MENCION DE EDICION
Mención de edición 2ª ed.
260 ## - PUBLICACIÓN, DISTRIBUCIÓN, ETC.
Lugar de publicación, distribución, etc. Barcelona :
Nombre del editor, distribuidor, etc. Labor,
Fecha de publicación, distribución, etc. 1954 (
Fabricante Ibero-Americanos)
300 ## - DESCRIPCIÓN FÍSICA
Extensión XV, 837 p. :
Otras características físicas il. ;
Dimensiones 27 cm.
700 1# - ENTRADA AGREGADA--NOMBRE PERSONAL
Nombre de persona Ardevol, Emilio.
9 (RLIN) 22537
700 1# - ENTRADA AGREGADA--NOMBRE PERSONAL
Nombre de persona Pla Janini, José María.
9 (RLIN) 92495
852 ## - LOCALIZACIÓN
Ubicación ES-MaACL
Número de control de estantería C-15358
Sublocalización o colección R.43326
Holdings
Estatus retirado Estado de pérdida Estado de daño No para préstamo Biblioteca de origen Biblioteca actual Ubicación en estantería Fecha de adquisición Fuente de adquisición Total de préstamos Signatura topográfica completa Código de barras Visto por última vez Precio de reemplazo Tipo de ítem Koha
        Biblioteca del Ateneo de Madrid Biblioteca del Ateneo de Madrid Ficheros 17/01/2008     C-15358 1087765 23/02/2023 23/02/2023 Libro impreso